000 00588nam a2200169 a 4500
001 000025164
005 20200930023611.0
008 110210s1998 pr a 000 0 spa d
040 _aDO-SdBNP
_bspa
_cBNPHU
082 _axxxx
_bxxxx
100 1 _aMaisonet Ramos, Angel
_951623
245 1 0 _aElectricidad :
_bteoría y práctica /
_cAngel Maisonet Ramos ; prólogo Miguel A. Jimenez Carrion.
250 _a12a. ed.
260 _aSan Juan, Puerto Rico :
_eRepública Dominicana,
_fCorripio,
_c1998.
300 _a577 p. :
_bil. ;
_c27 cm.
700 1 _aJimenez Carrion, Miguel A.,
_epról.
_951624
999 _c24657
_d24657